NASCAR Drivers who won for Team Penske - Statistics

General Stats
  • This quiz has been taken 91 times
  • The average score is 7 of 10
Answer Stats
Hint Answer % Correct
22 Joey Logano
99%
12 Ryan Blaney
94%
12, 2 Brad Keselowski
92%
33, 2 Austin Cindric
89%
2, 22 Kurt Busch
82%
02, 12 Ryan Newman
79%
16, 2 Rusty Wallace
76%
12 Jeremy Mayfield
50%
12, 16 Bobby Allison
44%
16 Mark Donohue
28%
No matching quizzes found
Score Distribution
Percent of People with Each Score
Percentile by Number Answered
Your Score History
You have not taken this quiz